NBA Conference Finals By Year - Statistics

General Stats
  • This quiz has been taken 4,526 times
    820 since last reset
  • The average score is 56 of 104
Answer Stats
Year Team % Correct
2025 Thunder
100%
2025 Pacers
98%
2024 Celtics
93%
2025 Knicks
92%
2024 Mavericks
91%
2025 Timberwolves
91%
2023 Nuggets
86%
2023 Heat
83%
2022 Warriors
83%
2022 Celtics
82%
2024 Timberwolves
82%
2021 Bucks
78%
2023 Celtics
76%
2023 Lakers
76%
2021 Suns
76%
2020 Lakers
75%
2024 Pacers
75%
2020 Heat
74%
2019 Raptors
73%
2019 Warriors
72%
2018 Cavaliers
70%
2017 Cavaliers
70%
2018 Warriors
70%
2017 Warriors
70%
2016 Cavaliers
69%
2016 Warriors
68%
2015 Cavaliers
67%
2015 Warriors
67%
2022 Heat
66%
2014 Heat
65%
2014 Spurs
65%
2013 Heat
64%
2012 Heat
63%
2011 Mavericks
63%
2013 Spurs
63%
2011 Heat
62%
2010 Lakers
61%
2020 Celtics
60%
2008 Celtics
59%
2009 Lakers
59%
2012 Thunder
59%
2010 Celtics
58%
2020 Nuggets
57%
2018 Rockets
57%
2007 Spurs
57%
2018 Celtics
56%
2021 Clippers
56%
2006 Heat
55%
2008 Lakers
55%
2004 Pistons
55%
2005 Spurs
55%
2021 Hawks
54%
2000 Lakers
54%
2001 Lakers
54%
2002 Lakers
54%
2019 Bucks
53%
2003 Spurs
53%
2016 Thunder
53%
2017 Celtics
51%
2009 Magic
51%
2022 Mavericks
50%
2007 Cavaliers
49%
2004 Lakers
49%
2006 Mavericks
47%
2016 Raptors
47%
2017 Spurs
46%
2005 Pistons
45%
2012 Spurs
45%
2014 Thunder
45%
2001 76ers
44%
2015 Rockets
44%
2011 Thunder
43%
2019 Trail Blazers
43%
2012 Celtics
42%
2002 Nets
42%
2003 Nets
41%
2014 Pacers
41%
2015 Hawks
40%
2000 Pacers
40%
2013 Pacers
39%
2011 Bulls
35%
2009 Cavaliers
35%
2008 Spurs
35%
2010 Magic
33%
2007 Pistons
31%
2001 Spurs
31%
2013 Grizzlies
30%
2006 Pistons
30%
2010 Suns
30%
2002 Kings
29%
2008 Pistons
28%
2005 Suns
26%
2006 Suns
26%
2000 Knicks
24%
2009 Nuggets
24%
2005 Heat
23%
2003 Pistons
23%
2004 Pacers
20%
2004 Timberwolves
20%
2000 Trail Blazers
20%
2002 Celtics
19%
2007 Jazz
19%
2003 Mavericks
19%
2001 Bucks
18%
No matching quizzes found
Score Distribution
Percent of People with Each Score
Percentile by Number Answered
Your Score History
You have not taken this quiz since the last reset